| 000 | 00407nam a22001697a 4500 | ||
|---|---|---|---|
| 005 | 20160518124444.0 | ||
| 008 | 160518b xxu||||| |||| 00| 0 eng d | ||
| 020 | _a978-81-203-3301-7 | ||
| 041 | _aeng | ||
| 082 | _b2927 | ||
| 100 |
_aSen, Leena _9482 |
||
| 245 | _aCommunication Skills | ||
| 260 |
_aNew Delhi _bPHI learning Pvt. Ltd. _c2004 |
||
| 300 | _a278 | ||
| 650 |
_aManagement _9241 |
||
| 942 | _cBK | ||
| 999 |
_c1022 _d1022 |
||